| 000 | 00704nam a2200193 i 4500 | ||
|---|---|---|---|
| 001 | 136268 | ||
| 003 | ES-MaACL | ||
| 005 | 20230906195056.0 | ||
| 007 | t| | ||
| 008 | 070214s1934 sp r ||||1| spa d | ||
| 100 | 1 |
_aSabbe, Maurits. _9101198 |
|
| 245 | 1 | 0 |
_aArias Montano y Barrefelt _b: (Hiël y la teología ortodoxa) / _cMaurits Sabbe ; traducción de María Brey Mariño. |
| 260 |
_aMadrid : _bGabriel Molina, _c1934. |
||
| 300 |
_a34 p. ; _c22 cm. |
||
| 500 | _aEs tirada aparte de la "Revista del Centro de Estudios Extremeños" Badajoz, 1934-tomo VIII- págs. 63 a 92. | ||
| 600 | 0 | 4 |
_aArias Montano, Benito. _922787 |
| 700 | 1 |
_aBrey Mariño, María. _931657 |
|
| 852 |
_aES-MaACL _j1804-F-18 |
||
| 999 |
_c136268 _d136268 |
||